The cost of industrial movement : (Record no. 9956)
[ view plain ]
| 000 -LEADER | |
|---|---|
| fixed length control field | 01181cam a22002891 4500 |
| 001 - CONTROL NUMBER | |
| control field | 9956 |
| 003 - CONTROL NUMBER IDENTIFIER | |
| rucl marc code | BD-RjUL |
| 005 - DATE AND TIME OF LATEST TRANSACTION | |
| control field | 20211208234854.0 |
| 008 - FIXED-LENGTH DATA ELEMENTS--GENERAL INFORMATION | |
| fixed length control field | 140122s1952 enk 000 0 eng |
| 035 ## - SYSTEM CONTROL NUMBER | |
| System control number | (BD-RjUL)10002 |
| System control number | (OCoLC)1873266 |
| 040 ## - CATALOGING SOURCE | |
| Original cataloging agency | DLC |
| Transcribing agency | FMU |
| Modifying agency | OCoLC |
| -- | Uk |
| -- | DLC |
| -- | BD-RjUL |
| Language of cataloging | eng |
| 041 ## - LANGUAGE CODE | |
| Language code of text/sound track or separate title | eng |
| 082 ## - DEWEY DECIMAL CLASSIFICATION NUMBER | |
| Classification number | 658.21 |
| Author mark and year | LUC 1952 |
| 100 1# - MAIN ENTRY--PERSONAL NAME | |
| Personal name | Luttrell, W. F. |
| 9 (RLIN) | 30747 |
| 245 14 - TITLE STATEMENT | |
| Title | The cost of industrial movement : |
| Remainder of title | a first report on the economics of establishing branch factories / |
| Statement of responsibility, etc. | by W. F. Luttrell who has had the assistance in the preparation of this report of the members of the research group working on the Locaton of industry inquiry: D. A. Cochlin, F. G. Davidson and J. F. Thompson. |
| 260 ## - PUBLICATION, DISTRIBUTION, ETC. (IMPRINT) | |
| Place of publication, distribution, etc. | Cambridge, Eng. : |
| Name of publisher, distributor, etc. | University Press, |
| Date of publication, distribution, etc. | 1952. |
| 300 ## - PHYSICAL DESCRIPTION | |
| Pagination | ix, 104 p. ; |
| Size | 24 cm. |
| 490 1# - SERIES STATEMENT | |
| Series statement | National Institute of Economic and Social Research. Ocassional papers. |
| Volume/sequential designation | no. 14. |
| 650 #0 - SUBJECT ADDED ENTRY--TOPICAL TERM | |
| Topical term or geographic name as entry element | Industrial location. |
| 9 (RLIN) | 30748 |
| Topical term or geographic name as entry element | Factories. |
| 9 (RLIN) | 30749 |
| 830 #0 - SERIES ADDED ENTRY--UNIFORM TITLE | |
| Volume number/sequential designation | 14. |
| Uniform title | Occasional papers (National Institute of Economic and Social Research) ; |
| 942 ## - ADDED ENTRY ELEMENTS (KOHA) | |
| Source of classification or shelving scheme | Dewey Decimal Classification |
| Koha item type | Books |
| Lost status | Source of classification or shelving scheme | Materials specified (bound volume or other part) | Damaged status | Not for loan | Collection code | Permanent Location | Current Location | Shelving location | Date acquired | Total Checkouts | Full call number | Date last seen | Copy number | Koha item type |
|---|---|---|---|---|---|---|---|---|---|---|---|---|---|---|
| Dewey Decimal Classification | V-14 | Not For Loan | Non-fiction | Central Library, University of Rajshahi | Central Library, University of Rajshahi | Reading Room | 22/01/2014 | 658.21 LUC 1952 | 22/01/2014 | C-1 | Books |